[Event "Sachsen-ch U14 Girls"]
[Site "Sebnitz"]
[Date "2007.04.13"]
[Round "6"]
[White "Schoenefeld, Claudia"]
[Black "Ferrenberg, Lydia"]
[Result "0-1"]
[WhiteElo "820"]
[BlackElo "1100"]
[PlyCount "48"]
[EventDate "2007.04.10"]
[EventType "swiss"]
[EventRounds "7"]
[EventCountry "GER"]
[SourceTitle "EXT 2008"]
[Source "ChessBase"]
[SourceDate "2007.11.25"]
[SourceVersion "1"]
[SourceVersionDate "2007.11.25"]
[SourceQuality "1"]

1. e4 d6 2. Nf3 Nf6 3. Nc3 g6 4. Bc4 Bg7 5. 0-0 0-0 6. d3 c6 7. d4 b5 8. Bb3 b4 9. Ne2 Nxe4 10. a3 bxa3 11. Rxa3 Nd7 12. Bg5 c5 13. dxc5 Ndxc5 14. Bd5 Rb8 15. Rxa7 Nxg5 16. Nxg5 e6 17. Nxf7 Rxf7 18. Rxf7 Kxf7 19. Bc4 d5 20. Bd3 Nxd3 21. Qxd3 Qg5 22. Re1 Bb7 23. c4 dxc4 24. Qxc4 Qxg2# 0-1

[Event "Sachsen-ch U14 Girls"]
[Site "Sebnitz"]
[Date "2007.04.11"]
[Round "3"]
[White "Schoenefeld, Claudia"]
[Black "Graf, Maria"]
[Result "0-1"]
[WhiteElo "820"]
[BlackElo "882"]
[PlyCount "24"]
[EventDate "2007.04.10"]
[EventType "swiss"]
[EventRounds "7"]
[EventCountry "GER"]
[SourceTitle "EXT 2008"]
[Source "ChessBase"]
[SourceDate "2007.11.25"]
[SourceVersion "1"]
[SourceVersionDate "2007.11.25"]
[SourceQuality "1"]

1. e4 e6 2. Nf3 d5 3. d3 dxe4 4. dxe4 Qxd1+ 5. Kxd1 Nc6 6. Nc3 e5 7. Bc4 Nh6 8. Bg5 Be6 9. Bd5 Nb4 10. Bxb7 Rd8+ 11. Ke2 Bc4+ 12. Ke1 Nxc2# 0-1

[Event "Sachsen-ch U14 Girls"]
[Site "Sebnitz"]
[Date "2007.04.10"]
[Round "1"]
[White "Schoenefeld, Claudia"]
[Black "Pantusenko, Valeria"]
[Result "0-1"]
[WhiteElo "820"]
[BlackElo "1351"]
[PlyCount "58"]
[EventDate "2007.04.10"]
[EventType "swiss"]
[EventRounds "7"]
[EventCountry "GER"]
[SourceTitle "EXT 2008"]
[Source "ChessBase"]
[SourceDate "2007.11.25"]
[SourceVersion "1"]
[SourceVersionDate "2007.11.25"]
[SourceQuality "1"]

1. e4 e5 2. Nf3 Nc6 3. Nc3 Nf6 4. Bc4 Nxe4 5. Nxe4 d5 6. Bxd5 Qxd5 7. Nc3 Qd6 8. 0-0 Bg4 9. d3 Nd4 10. Ne4 Qe7 11. Neg5 f6 12. Ne4 0-0-0 13. Be3 Nxf3+ 14. gxf3 Bh3 15. Re1 Kb8 16. Qd2 Qf7 17. Ng3 h5 18. Qa5 a6 19. Qa4 f5 20. f4 Qd5 21. f3 Qxf3 22. Re2 g5 23. Rae1 gxf4 24. Bxf4 exf4 25. Nh1 Rg8+ 26. Ng3 fxg3 27. hxg3 Rxg3+ 28. Kh2 Rg2+ 29. Rxg2 Qxg2# 0-1